000 00844nam a2200253Ia 4500
003 OSt
005 20220923225256.0
006 a|||||r|||| 00| 0
007 ta
008 220922b |||||||| |||| 00| 0 san d
024 _a261,988
037 _cTextual
040 _aARTS
_cARTS
_bsan
041 _2san
_asan
082 _aO15,1A2, 152N9
100 _aसूर्यनारायण
_9156945
245 0 _aश्री महाभारतवचनामृतम्
246 _aShrī hinābhāratavachanāmṛutam
260 _aजयपुर
_b युगनिर्माण साहित्यगार
_c1999
300 _a156पृ0
_ccm.
650 _aसंस्कृत साहित्य
942 _hO15,1A2, 152N9
_cTEXL
_2CC
999 _c377186
_d377186